000 00236nam a22000857a 4500
008 161115b xxu||||| |||| 00| 0 eng d
100 _91215
_aSharma. J. B
245 _aThe lion and the hedgehog
260 _aNew delhi
_bNational book trust
_c2004
999 _c3906
_d3906